000 00459nam a2200169Ia 4500
008 230718s9999 xx 000 0 und d
041 _aeng
082 _a621.313
_bBAK
100 _aBakshi U.A.
245 _aElectrical Circuits And Machines
250 _a3rd ed.
260 _c2007
_bTechnical pub
300 _a654
_dRef 277 G (27008)
365 _cRs.
_b360.00
700 _aBakshi U.A. & Bakshi U.V.
_9186469
906 _dB:139310-Jan-2007
_cALLIED
_b54
999 _c315809
_d315809